000 01306nam a2200217Ia 4500
003 Ost
005 20260507075548.0
008 260507s9999||||xx |||||||||||||| ||und||
040 _cfsecg
041 _aara
082 _a614.7
100 _aهيكل، شريف ماهر
_eمؤلف
245 0 _aدور وأهمية النقل فى تكوين أواصر الاتحاد العربي :
_bالريادة- التطبيق /
_c شريف ماهر هيكل
260 _a[دون مكان]:
_bمكتبة الحرية للنشر و التوزيع,
_c2007
300 _a165 صفحة؛
_bإيضاحات ؛
_c24 سم
504 _aبيبليوغرافيا: ص ص.156-160
520 _aيضم الملامح الأساسية للتجارة البيئية العربية، التحديات التي تواجه التجارة البيئية العربية في إطار النظام العالمي الجديد، مفهوم ونطاق النقل بالسيارات بين الدول العربية، استراتيجية تخطيط النقل بالسيارات، الدور المرتقب للنقل بالسيارات لدعم التجارة البيئية العربية، النتائج والتوصيات
653 _aالتجارة
653 _aالنقل- الجوانب البيئية
942 _cكتاب
999 _c44899
_d44899